[Event "POL-ch U18 Girls"]
[Site "Murzasichle"]
[Date "2011.03.10"]
[Round "7"]
[White "Krupa, Anna"]
[Black "Zmarzly, Aleksandra"]
[Result "0-1"]
[WhiteElo "1897"]
[BlackElo "2118"]
[PlyCount "78"]
[EventDate "2011.03.05"]
[EventType "swiss"]
[EventRounds "9"]
[EventCountry "POL"]
[SourceTitle "EXT 2012"]
[Source "ChessBase"]
[SourceDate "2011.11.24"]
[SourceVersion "1"]
[SourceVersionDate "2011.11.24"]
[SourceQuality "1"]

1. d4 d5 2. Nf3 Nf6 3. Bf4 c5 4. e3 Qb6 5. Nc3 c4 6. Rb1 Nc6 7. Be2 Bf5 8. a3 e6 9. 0-0 Be7 10. Ne5 Nxe5 11. Bxe5 0-0 12. f3 Qc6 13. g4 Bg6 14. Bxf6 Bxf6 15. f4 h6 16. Bf3 Rad8 17. Qd2 Bh7 18. Qg2 g5 19. f5 Rd7 20. Rbd1 Qc8 21. Rf2 Kg7 22. Rdf1 b6 23. Ne2 Rd6 24. Ng3 exf5 25. Nh5+ Kh8 26. Nxf6 Rxf6 27. Bxd5 c3 28. bxc3 Qxc3 29. e4 f4 30. e5 f3 31. Rxf3 Qxd4+ 32. Kh1 Rxf3 33. Qxf3 Qxe5 34. c4 Bg6 35. Rf2 Re8 36. Kg2 Kg7 37. Kg1 Re7 38. h3 Qd4 39. Kg2 Re3 0-1

[Event "POL-ch U18 Girls"]
[Site "Murzasichle"]
[Date "2011.03.08"]
[Round "5"]
[White "Jasnikowska, Malgorzata"]
[Black "Krupa, Anna"]
[Result "0-1"]
[WhiteElo "1763"]
[BlackElo "1897"]
[PlyCount "80"]
[EventDate "2011.03.05"]
[EventType "swiss"]
[EventRounds "9"]
[EventCountry "POL"]
[SourceTitle "EXT 2012"]
[Source "ChessBase"]
[SourceDate "2011.11.24"]
[SourceVersion "1"]
[SourceVersionDate "2011.11.24"]
[SourceQuality "1"]

1. e4 c6 2. d4 d5 3. Nc3 dxe4 4. Nxe4 Bf5 5. Ng3 Bg6 6. Nf3 Nd7 7. h4 h6 8. h5 Bh7 9. Bd3 Bxd3 10. Qxd3 e6 11. Bd2 Qc7 12. 0-0-0 Ngf6 13. Qe2 0-0-0 14. Ne5 Nb6 15. Ba5 Bd6 16. c4 c5 17. dxc5 Bxc5 18. f4 Qe7 19. Kb1 Kb8 20. Ne4 Nxe4 21. Qxe4 Rxd1+ 22. Rxd1 Rd8 23. Rxd8+ Qxd8 24. Kc2 Qe8 25. b3 f6 26. g4 Nc8 27. Nd3 Bb6 28. Bxb6 axb6 29. Qd4 Qc6 30. Qf2 Nd6 31. Qe2 Nb5 32. Qf2 Nd6 33. Qe2 b5 34. c5 Ne4 35. Qe3 Kc7 36. b4 Qd5 37. Kb2 Qc4 38. a3 Qc3+ 39. Ka2 Qc2+ 40. Ka1 Nc3 0-1

[Event "POL-chT U19 42nd"]
[Site "Ustron"]
[Date "2011.??.??"]
[Round "8.17"]
[White "Adamowicz, Katarzyna"]
[Black "Krupa, Anna"]
[Result "1-0"]
[WhiteElo "2106"]
[BlackElo "1899"]
[PlyCount "105"]
[EventDate "2011.06.24"]
[EventType "team-tourn"]
[EventRounds "9"]
[EventCountry "POL"]
[SourceTitle "EXT 2015"]
[Source "ChessBase"]
[SourceDate "2014.11.20"]
[SourceVersion "1"]
[SourceVersionDate "2014.11.20"]
[SourceQuality "1"]
[WhiteTeam "Koszalin Hetman Politechnika U19"]
[BlackTeam "Rybnik MKSz U19"]
[WhiteTeamCountry "POL"]
[BlackTeamCountry "POL"]

1. e4 c6 2. d4 d5 3. Nc3 dxe4 4. Nxe4 Bf5 5. Ng3 Bg6 6. h4 h6 7. h5 Bh7 8. Nf3 Nd7 9. Bd3 Bxd3 10. Qxd3 e6 11. Bd2 Qc7 12. Qe2 Ngf6 13. 0-0-0 0-0-0 14. Ne5 Nb6 15. c4 c5 16. Be3 cxd4 17. Bxd4 Bd6 18. Kb1 Bxe5 19. Bxe5 Qc6 20. f3 Rxd1+ 21. Rxd1 Rd8 22. Rxd8+ Kxd8 23. Qd3+ Ke7 24. Qa3+ Ke8 25. Bxf6 gxf6 26. Ne4 e5 27. Nd6+ Kd7 28. c5 Qd5 29. Kc2 a6 30. Qb4 Qc6 31. Qg4+ Kc7 32. b4 a5 33. a3 axb4 34. axb4 Nd7 35. Qg8 Qa4+ 36. Kc1 Qa3+ 37. Kd1 Qb3+ 38. Ke2 Qb2+ 39. Kf1 Qc1+ 40. Kf2 Qd2+ 41. Kg3 Qe1+ 42. Kg4 f5+ 43. Kxf5 Qb1+ 44. Ne4 Qb3 45. Qe8 Qa2 46. g3 Qg2 47. Kg4 f5+ 48. Kxf5 Qxf3+ 49. Ke6 Qg4+ 50. Ke7 Qg7+ 51. Qf7 Qh8 52. Ke6 Kc6 53. Qxd7# 1-0

[Event "POL-chT U19 42nd"]
[Site "Ustron"]
[Date "2011.??.??"]
[Round "1.23"]
[White "Mucha, Magdalena"]
[Black "Krupa, Anna"]
[Result "1/2-1/2"]
[WhiteElo "1835"]
[BlackElo "1899"]
[PlyCount "81"]
[EventDate "2011.06.24"]
[EventType "team-tourn"]
[EventRounds "9"]
[EventCountry "POL"]
[SourceTitle "EXT 2015"]
[Source "ChessBase"]
[SourceDate "2014.11.20"]
[SourceVersion "1"]
[SourceVersionDate "2014.11.20"]
[SourceQuality "1"]
[WhiteTeam "Trzebinia UKS Hetman Koronny U19"]
[BlackTeam "Rybnik MKSz U19"]
[WhiteTeamCountry "POL"]
[BlackTeamCountry "POL"]

1. e4 c6 2. d4 d5 3. Nc3 dxe4 4. Nxe4 Bf5 5. Ng3 Bg6 6. Nh3 e6 7. Nf4 Bd6 8. Nxg6 hxg6 9. Ne4 Nf6 10. Nxd6+ Qxd6 11. h3 Nbd7 12. c3 Nd5 13. Bd2 N7f6 14. Qf3 0-0 15. 0-0-0 b5 16. g3 Nb6 17. Bf4 Qd5 18. Qxd5 exd5 19. f3 Rfe8 20. Bd3 Nc4 21. h4 Nd7 22. b3 Ncb6 23. Rd2 Re6 24. Rdh2 Rae8 25. Bd2 Nc8 26. h5 Nd6 27. hxg6 fxg6 28. Rh8+ Kf7 29. Rxe8 Nxe8 30. Kc2 Rf6 31. Rf1 Nd6 32. Bg5 Re6 33. Bd2 Nf6 34. Kd1 Re8 35. Bf4 Nc8 36. Rh1 Nd7 37. Bg5 Nd6 38. Bf4 Nc8 39. Bg5 Nd6 40. Bf4 Nc8 41. Bg5 1/2-1/2

[Event "POL-chT (Women) 3rd"]
[Site "Wroclaw"]
[Date "2010.11.14"]
[Round "5"]
[White "Labedz, Patrycja"]
[Black "Krupa, Anna"]
[Result "0-1"]
[WhiteElo "2128"]
[BlackElo "1880"]
[PlyCount "148"]
[EventDate "2010.11.09"]
[EventType "team-tourn"]
[EventRounds "5"]
[EventCountry "POL"]
[SourceTitle "EXT 2019"]
[Source "ChessBase"]
[SourceDate "2018.10.10"]
[SourceVersion "1"]
[SourceVersionDate "2018.10.10"]
[SourceQuality "1"]
[WhiteTeam "Jaworzno JKSz MCKiS (W)"]
[BlackTeam "Rybnik Preferow MKSz (W)"]
[WhiteTeamCountry "POL"]
[BlackTeamCountry "POL"]

1. e4 c5 2. Nf3 d6 3. d4 cxd4 4. Nxd4 Nf6 5. Nc3 a6 6. Bg5 e6 7. f4 Be7 8. Qf3 Qc7 9. 0-0-0 Nbd7 10. g4 b5 11. Bxf6 Bxf6 12. g5 Bxd4 13. Rxd4 Rb8 14. Bg2 Nc5 15. Kb1 b4 16. Ne2 0-0 17. Rhd1 Rb6 18. Ng3 Bd7 19. f5 Na4 20. Ne2 Rc8 21. Rc1 Qc5 22. Ka1 Nc3 23. bxc3 bxc3 24. Qxc3 Qxc3+ 25. Nxc3 Rxc3 26. fxe6 Bxe6 27. Bf1 Rbc6 28. Kb2 R3c5 29. h4 Rb6+ 30. Ka1 Bxa2 31. Ra4 Bb3 32. Ra3 Bxc2 33. e5 Kf8 34. exd6 Rxd6 35. Bxa6 Rd1 36. Rxd1 Bxd1 37. Bd3 g6 38. Kb2 Kg7 39. Ra7 Bf3 40. Ra4 h6 41. Rf4 Bd5 42. Rg4 Be6 43. Rg3 hxg5 44. hxg5 Bf5 45. Ba6 Kf8 46. Kb3 Ke7 47. Kb4 Kd6 48. Bc4 Rc7 49. Re3 Be6 50. Bd3 Rc5 51. Rg3 Rd5 52. Kc3 Ke5 53. Rf3 Bf5 54. Bf1 Rd7 55. Bb5 Rc7+ 56. Kd2 Be4 57. Rf6 Rc2+ 58. Ke3 Bd5 59. Bd3 Rg2 60. Ra6 Rxg5 61. Ra5 Rg3+ 62. Kd2 Kd6 63. Ra7 g5 64. Bh7 Ke5 65. Bg8 Rf3 66. Ke2 g4 67. Ra5 Ke6 68. Ra4 g3 69. Rg4 Kf5 70. Rg7 Kf6 71. Rg4 Ra3 72. Kf1 Ra1+ 73. Ke2 g2 74. Kf2 Rf1+ 0-1

[Event "POL-chT (Women) 3rd"]
[Site "Wroclaw"]
[Date "2010.11.12"]
[Round "3"]
[White "Poznanska, Katarzyna"]
[Black "Krupa, Anna"]
[Result "1-0"]
[WhiteElo "2048"]
[BlackElo "1880"]
[PlyCount "73"]
[EventDate "2010.11.09"]
[EventType "team-tourn"]
[EventRounds "5"]
[EventCountry "POL"]
[SourceTitle "EXT 2019"]
[Source "ChessBase"]
[SourceDate "2018.10.10"]
[SourceVersion "1"]
[SourceVersionDate "2018.10.10"]
[SourceQuality "1"]
[WhiteTeam "Wroclaw KS Polonia (W)"]
[BlackTeam "Rybnik Preferow MKSz (W)"]
[WhiteTeamCountry "POL"]
[BlackTeamCountry "POL"]

1. e4 c6 2. d4 d5 3. Nc3 dxe4 4. Nxe4 Nf6 5. Nxf6+ exf6 6. c3 Bd6 7. Bd3 Be6 8. Ne2 Qc7 9. Ng3 0-0 10. Qc2 g6 11. Ne4 Be7 12. 0-0 Nd7 13. c4 Nb6 14. b4 Rfe8 15. Nc5 Bd6 16. h3 Bf8 17. Bb2 Bg7 18. a4 Nd7 19. Rfd1 Rac8 20. a5 a6 21. Qb3 f5 22. Rab1 Nxc5 23. dxc5 Bxb2 24. Rxb2 f4 25. Be2 Qe5 26. Rbd2 Qg5 27. Kh1 Bf5 28. Bf3 Qh4 29. Kg1 Rcd8 30. Rd6 Rc8 31. Qc3 Re6 32. b5 g5 33. bxc6 bxc6 34. Rd8+ Re8 35. Rxe8+ Rxe8 36. Bxc6 Rb8 37. Qe5 1-0

[Event "POL-chT 2st League"]
[Site "Mrzezyno"]
[Date "2010.09.10"]
[Round "7.78"]
[White "Filipek, Halina"]
[Black "Krupa, Anna"]
[Result "1/2-1/2"]
[WhiteElo "1780"]
[BlackElo "1885"]
[PlyCount "48"]
[EventDate "2010.09.04"]
[EventType "team-swiss"]
[EventRounds "9"]
[EventCountry "POL"]
[SourceTitle "EXT 2019"]
[Source "ChessBase"]
[SourceDate "2018.10.10"]
[SourceVersion "1"]
[SourceVersionDate "2018.10.10"]
[SourceQuality "1"]
[WhiteTeam "Grudziadz Rotmistrz II"]
[BlackTeam "Rybnik MKSz"]
[WhiteTeamCountry "POL"]
[BlackTeamCountry "POL"]

1. d4 d5 2. Nf3 Nf6 3. e3 e6 4. Bd3 c5 5. b3 Nc6 6. Bb2 Bd6 7. 0-0 0-0 8. Nbd2 Qe7 9. Ne5 Nd7 10. f4 f6 11. Qh5 f5 12. Nxd7 Bxd7 13. dxc5 Bxc5 14. Rf3 Be8 15. Qh3 Ba3 16. Bxa3 Qxa3 17. Rff1 Rc8 18. Nf3 Qd6 19. a3 Bg6 20. Qg3 Bh5 21. Nd4 Be8 22. Nf3 Bh5 23. Nd4 Be8 24. Nf3 Bh5 1/2-1/2

[Event "POL-chT U19 41st"]
[Site "Ustron"]
[Date "2010.07.10"]
[Round "5"]
[White "Krupa, Anna"]
[Black "Zmarzly, Aleksandra"]
[Result "1/2-1/2"]
[WhiteElo "1836"]
[BlackElo "2026"]
[PlyCount "60"]
[EventDate "2010.07.06"]
[EventType "team-tourn"]
[EventRounds "9"]
[EventCountry "POL"]
[SourceTitle "EXT 2019"]
[Source "ChessBase"]
[SourceDate "2018.10.10"]
[SourceVersion "1"]
[SourceVersionDate "2018.10.10"]
[SourceQuality "1"]
[WhiteTeam "Rybnik MKSz U19"]
[BlackTeam "Legnica Miedz U19"]
[WhiteTeamCountry "POL"]
[BlackTeamCountry "POL"]

1. d4 g6 2. Nf3 Bg7 3. c3 d6 4. Bg5 h6 5. Bh4 f5 6. e3 Nf6 7. Bxf6 Bxf6 8. Nbd2 0-0 9. Qb3+ Kh7 10. 0-0-0 a5 11. e4 a4 12. Qc2 e6 13. Bd3 a3 14. b3 c5 15. e5 Bg7 16. Nc4 cxd4 17. cxd4 d5 18. Nd6 Nc6 19. Kb1 Qb6 20. Qe2 Nxd4 21. Nxd4 Qxd4 22. Bxf5 Qb2+ 23. Qxb2 axb2 24. Bh3 Bxe5 25. Nxc8 Raxc8 26. Bxe6 Rc7 27. Rxd5 Bg7 28. Rd2 Ra8 29. Rhd1 b5 30. Rd7 Rxd7 1/2-1/2

[Event "POL-chT U19 41st"]
[Site "Ustron"]
[Date "2010.07.08"]
[Round "3"]
[White "Krupa, Anna"]
[Black "Labedz, Patrycja"]
[Result "0-1"]
[WhiteElo "1836"]
[BlackElo "2076"]
[PlyCount "100"]
[EventDate "2010.07.06"]
[EventType "team-tourn"]
[EventRounds "9"]
[EventCountry "POL"]
[SourceTitle "EXT 2019"]
[Source "ChessBase"]
[SourceDate "2018.10.10"]
[SourceVersion "1"]
[SourceVersionDate "2018.10.10"]
[SourceQuality "1"]
[WhiteTeam "Rybnik MKSz U19"]
[BlackTeam "Jaworzno JKSz MCKiS U19"]
[WhiteTeamCountry "POL"]
[BlackTeamCountry "POL"]

1. d4 g6 2. Nf3 Bg7 3. Nbd2 d6 4. c3 Nd7 5. e4 e5 6. dxe5 dxe5 7. Be2 Ngf6 8. 0-0 0-0 9. Qc2 Qe7 10. Nc4 h6 11. Ne3 Nc5 12. Nd2 a5 13. a4 Nh7 14. b3 c6 15. Ba3 Rd8 16. Rfd1 Be6 17. Ndc4 Bf8 18. Bg4 Ng5 19. Bxe6 Qxe6 20. f3 Rxd1+ 21. Rxd1 h5 22. Bc1 Qf6 23. Nb6 Re8 24. b4 axb4 25. cxb4 Nce6 26. Nd7 Qg7 27. Qb2 f6 28. Qb3 Kh8 29. Nxf8 Rxf8 30. Bb2 Nf4 31. b5 Nge6 32. Kf2 Ra8 33. bxc6 bxc6 34. Qb6 Rxa4 35. Qxc6 Ra2 36. Qc8+ Qg8 37. Qc3 Qb8 38. Rd2 Rxb2 39. Rxb2 Qxb2+ 40. Qxb2 Nd3+ 41. Ke2 Nxb2 42. h4 Kg7 43. g4 Nd4+ 44. Kf2 Nd3+ 45. Kg3 hxg4 46. Nxg4 f5 47. exf5 gxf5 48. Nh2 Kg6 49. Nf1 f4+ 50. Kg2 Ne1+ 0-1

[Event "POL-chT U19 41st"]
[Site "Ustron"]
[Date "2010.07.07"]
[Round "2"]
[White "Mucha, Magdalena"]
[Black "Krupa, Anna"]
[Result "1/2-1/2"]
[WhiteElo "1875"]
[BlackElo "1836"]
[PlyCount "67"]
[EventDate "2010.07.06"]
[EventType "team-tourn"]
[EventRounds "9"]
[EventCountry "POL"]
[SourceTitle "EXT 2019"]
[Source "ChessBase"]
[SourceDate "2018.10.10"]
[SourceVersion "1"]
[SourceVersionDate "2018.10.10"]
[SourceQuality "1"]
[WhiteTeam "Trzebinia UKS Hetman Koronny U19"]
[BlackTeam "Rybnik MKSz U19"]
[WhiteTeamCountry "POL"]
[BlackTeamCountry "POL"]

1. e4 c6 2. d4 d5 3. Nc3 dxe4 4. Nxe4 Nf6 5. Nxf6+ exf6 6. Bc4 Bd6 7. Qe2+ Qe7 8. Qxe7+ Kxe7 9. Ne2 Be6 10. Bd3 g6 11. c4 Nd7 12. Bd2 f5 13. f3 h6 14. 0-0-0 Rac8 15. Nc3 Nf6 16. b3 g5 17. Kb2 Rcg8 18. a3 h5 19. Rde1 Kd7 20. d5 cxd5 21. cxd5 Nxd5 22. Nxd5 Bxd5 23. Bxf5+ Kc7 24. Rc1+ Kb8 25. Bc3 Rh6 26. Rcd1 Bc6 27. Rxd6 Rxd6 28. Be5 Rgd8 29. Rd1 Kc7 30. Kc3 f6 31. Bxd6+ Rxd6 32. Rxd6 Kxd6 33. Kd4 a5 34. h3 1/2-1/2

[Event "Wroclaw Oct op"]
[Site "Wroclaw"]
[Date "2010.??.??"]
[Round "2"]
[White "Gajdamowicz, Adrian"]
[Black "Krupa, Anna"]
[Result "1/2-1/2"]
[WhiteElo "1502"]
[BlackElo "1854"]
[PlyCount "68"]
[EventDate "2010.10.22"]
[EventType "swiss"]
[EventRounds "5"]
[EventCountry "POL"]
[SourceTitle "EXT 2011"]
[Source "ChessBase"]
[SourceDate "2010.11.26"]
[SourceVersion "1"]
[SourceVersionDate "2010.11.26"]
[SourceQuality "1"]

1. e4 c5 2. c3 d6 3. d4 cxd4 4. cxd4 Nc6 5. Nc3 g6 6. Nf3 Bg7 7. Bb5 Bd7 8. Bxc6 Bxc6 9. d5 Bd7 10. 0-0 Nf6 11. Bg5 0-0 12. h3 b5 13. a3 a5 14. Bxf6 Bxf6 15. Qd2 Qb6 16. Rfe1 b4 17. axb4 axb4 18. Ne2 Rfc8 19. Ned4 Rxa1 20. Rxa1 Rc4 21. Rd1 Qc5 22. Kf1 Bb5 23. Kg1 Bd7 24. Kf1 Qb6 25. Kg1 Kg7 26. Qd3 Qc7 27. Qd2 h6 28. Kf1 e6 29. Kg1 e5 30. Ne2 Rc2 31. Rc1 Rxd2 32. Rxc7 Rd1+ 33. Kh2 Bb5 34. Ng3 b3 1/2-1/2

[Event "POL-chT U19 40th"]
[Site "Chotowa"]
[Date "2009.07.??"]
[Round "3"]
[White "Adamowicz, Katarzyna"]
[Black "Krupa, Anna"]
[Result "1/2-1/2"]
[WhiteElo "2121"]
[BlackElo "1807"]
[PlyCount "99"]
[EventDate "2009.07.06"]
[EventType "team-tourn"]
[EventRounds "9"]
[EventCountry "POL"]
[SourceTitle "EXT 2012"]
[Source "ChessBase"]
[SourceDate "2011.11.24"]
[SourceVersion "1"]
[SourceVersionDate "2011.11.24"]
[SourceQuality "1"]
[WhiteTeam "Koszalin Hetman Politechnika U19"]
[BlackTeam "Rybnik MKSz U19"]
[WhiteTeamCountry "POL"]
[BlackTeamCountry "POL"]

1. e4 c6 2. d4 d5 3. Nc3 dxe4 4. Nxe4 Bf5 5. Ng3 Bg6 6. h4 h6 7. h5 Bh7 8. Nf3 Nd7 9. Bd3 Bxd3 10. Qxd3 e6 11. Bd2 Qc7 12. 0-0-0 0-0-0 13. Ne4 Ngf6 14. g3 Nxe4 15. Qxe4 Nf6 16. Qe2 Bd6 17. c4 c5 18. Bc3 cxd4 19. Nxd4 a6 20. Nb3 Rd7 21. Kb1 Qc6 22. Bxf6 gxf6 23. c5 Bc7 24. Rxd7 Qxd7 25. Qe3 Qd5 26. Rc1 Qxh5 27. c6 b6 28. a4 Kb8 29. a5 Qb5 30. axb6 Bxb6 31. Qf4+ Bc7 32. Qxf6 Rd8 33. Nc5 Rd2 34. Qc3 Rd5 35. Qa3 Ka7 36. Qe3 Qb6 37. Rc3 Be5 38. Rc2 Bd4 39. Qf4 Bxc5 40. Qxf7+ Kb8 41. Qxe6 Rd1+ 42. Rc1 Rxc1+ 43. Kxc1 Qd8 44. Qxh6 Kc7 45. Kc2 Qd6 46. Qxd6+ Bxd6 47. Kd3 Kxc6 48. Kc4 a5 49. g4 Bf4 50. b4 1/2-1/2

[Event "POL-ch U16 Girls"]
[Site "Chotowa"]
[Date "2009.03.30"]
[Round "3"]
[White "Krupa, Anna"]
[Black "Zakoscielna, Kinga"]
[Result "0-1"]
[WhiteElo "1816"]
[BlackElo "2123"]
[PlyCount "90"]
[EventDate "2009.03.28"]
[EventType "swiss"]
[EventRounds "11"]
[EventCountry "POL"]
[SourceTitle "EXT 2011"]
[Source "ChessBase"]
[SourceDate "2010.11.26"]
[SourceVersion "1"]
[SourceVersionDate "2010.11.26"]
[SourceQuality "1"]

1. d4 Nf6 2. Nf3 g6 3. c3 Bg7 4. Bg5 0-0 5. Nbd2 d6 6. e4 c5 7. dxc5 dxc5 8. Be2 b6 9. 0-0 Bb7 10. Qc2 Qc7 11. Rfe1 h6 12. Bh4 Nc6 13. Bf1 e5 14. Nc4 a6 15. a4 Kh7 16. Ne3 Ne7 17. Nd2 Bc6 18. b4 Nc8 19. f3 Nd6 20. bxc5 bxc5 21. Nec4 Nxc4 22. Nxc4 Rab8 23. Bf2 Bd7 24. Red1 Be6 25. Be3 Nd7 26. Qd2 Rb3 27. Rab1 Rfb8 28. Qc2 R3b7 29. Bf2 Bf8 30. Bg3 f6 31. Rxb7 Qxb7 32. f4 exf4 33. Bxf4 Re8 34. Qd3 Bg4 35. Be2 Bxe2 36. Qxe2 Ne5 37. Bxe5 fxe5 38. Nd6 Bxd6 39. Rxd6 Re7 40. Qg4 Qb1+ 41. Kf2 Qc2+ 42. Kg1 Qc1+ 43. Kf2 Rf7+ 44. Kg3 Qe3+ 45. Kh4 Rf4 0-1

[Event "POL-ch U16 Girls"]
[Site "Leba"]
[Date "2008.04.05"]
[Round "10"]
[White "Krupa, Anna"]
[Black "Zakoscielna, Kinga"]
[Result "1/2-1/2"]
[WhiteElo "1758"]
[BlackElo "2024"]
[PlyCount "101"]
[EventDate "2008.03.29"]
[EventType "swiss"]
[EventRounds "11"]
[EventCountry "POL"]
[SourceTitle "CBM 123 Extra"]
[Source "ChessBase"]
[SourceDate "2008.05.06"]
[SourceVersion "1"]
[SourceVersionDate "2008.05.06"]
[SourceQuality "1"]

1. d4 Nf6 2. Nf3 e6 3. Bg5 Be7 4. e3 0-0 5. Bd3 d6 6. 0-0 h6 7. Bxf6 Bxf6 8. Nbd2 Nd7 9. Re1 b6 10. e4 Bb7 11. Qe2 Be7 12. c3 c5 13. e5 Qc7 14. Rac1 Rfd8 15. Nc4 Nf8 16. dxc5 Qxc5 17. Nxd6 Bxd6 18. exd6 Rxd6 19. b4 Qh5 20. Ne5 Qg5 21. Be4 Bxe4 22. Qxe4 Rad8 23. Nc6 R8d7 24. Ne5 Rc7 25. c4 Qd2 26. a3 Rd8 27. g3 Qb2 28. Qe3 f6 29. Nf3 Rcd7 30. Re2 Qxc1+ 31. Qxc1 Rd1+ 32. Re1 Rxc1 33. Rxc1 e5 34. c5 bxc5 35. bxc5 Ne6 36. Kf1 Rc8 37. c6 g5 38. Nd2 Nd4 39. Ne4 Kg7 40. c7 Nb5 41. Rc5 f5 42. Rxb5 fxe4 43. Rxe5 Rxc7 44. Rxe4 Kf6 45. Ke2 Kf5 46. Rd4 g4 47. Kd3 Kg5 48. Rd5+ Kg6 49. Ke4 Rf7 50. Ke3 Rf3+ 51. Ke4 1/2-1/2